Nevada Counties - Sudden Death - Statistics

General Stats
  • This quiz has been taken 31 times
  • The average score is 9 of 16
Answers on the Grid
Answers color-coded by a green-red scale on the quiz's grid according to % correct below.
Churchill
Roosevelt
Clark
Las Vegas
Douglas
Paradise
Elko
Deseret
Esmeralda
Young
Eureka
Manhattan
Humboldt
Homey
Lander
Reno
Lincoln
Nixon
Lyon
Raider
Mineral
Frontier
Nye
Hoover
Pershing
Basin
Storey
Death Valley
Washoe
Shoshone
White Pine
Mojave
 
Answer Stats
Answer % Correct
Clark
78%
Nye
78%
Elko
70%
Washoe
65%
Mineral
61%
Churchill
57%
Douglas
57%
Esmeralda
57%
Eureka
57%
Humboldt
57%
Lincoln
57%
Lyon
57%
Storey
52%
White Pine
52%
Lander
43%
Pershing
43%
No matching quizzes found
Score Distribution
Percent of People with Each Score
Percentile by Number Answered
Your Score History
You have not taken this quiz